000 00333nam a22001457a 4500
020 _a0-7534-1039-7
082 _a823
_bOLL/S
100 _aOLLIVER JANE
245 _aSPOOKY STORIES
_bSHORT STORY
260 _aLONDON
_bKINGFISHER PUBLICATIONS
_c2004
300 _a157
520 _aSHORT STORY
650 _aSHORT STORY
942 _cBK
999 _c3672
_d3672